Economic Convergence of Developing Countries
Definícia základných typov konvergencie. Aktuálny problém konvergencie rozvojových krajín vo svetovej ekonomike. Konvergencia a empirické zistenia ekonomického rastu.
Salvato in:
| Autore principale: | |
|---|---|
| Natura: | Capitolo di libro |
| Lingua: | inglese |
| Soggetti: | |
| Tags: |
Nessun Tag, puoi essere il primo ad aggiungerne!!
|
MARC
| LEADER | 00000naa$a2200000$$$4500 | ||
|---|---|---|---|
| 001 | 0280620 | ||
| 005 | 20240502083855.8 | ||
| 041 | 0 | |a eng | |
| 044 | |a UA | ||
| 245 | 1 | 0 | |a Economic Convergence of Developing Countries |c Ján Dančo |
| 520 | |a Definícia základných typov konvergencie. Aktuálny problém konvergencie rozvojových krajín vo svetovej ekonomike. Konvergencia a empirické zistenia ekonomického rastu. | ||
| 610 | 2 | 0 | |a rast hospodársky |
| 610 | 2 | 0 | |a krajiny rozvojové |
| 610 | 2 | 0 | |a krajiny vyspelé |
| 610 | 2 | 0 | |a konvergencia |
| 100 | 1 | |a Dančo, Ján, 1996- | |